| 000 | 00954cab a2200253 4500 | ||
|---|---|---|---|
| 001 | WB3430-24 | ||
| 008 | 090401t1998 xxu||||| |||| 00| 0 eng d | ||
| 035 | _a(Sirsi) u87789 | ||
| 041 | _aeng | ||
| 245 | _aCity market threatened | ||
| 260 | _c1998 | ||
| 350 | _a0 | ||
| 490 |
_aEstates Gazette _v(9831) 1 August 1998, 28(1) |
||
| 520 | _aA new report `Towards the Millennium` by city agents, Hurford Salvi Carr indicates that a strong revival of the office market and the collapse in demand from Far East buyers is threatening the expansion of the residential market in London`s City and Midtown. Graph. | ||
| 650 | _aCITY OF LONDON | ||
| 650 | _aDEMAND | ||
| 650 | _aHOUSING MARKET | ||
| 650 | _aMIDTOWN | ||
| 650 | _aPROPERTY-COMMERCIAL PROPERTY-OFFICE PROPERTY-OFFICE PROPERTY MARKET | ||
| 650 | _aRESIDENTIAL DEVELOPMENT | ||
| 690 | _aPROPERTY-RESIDENTIAL PROPERTY-RESIDENTIAL PROPERTY MARKET | ||
| 942 | _n0 | ||
| 948 | _c04/08/1998 | ||
| 999 |
_c55395 _d55395 |
||